000 00730nam a2200229 a 4500
999 _c8183
_d8183
001 8183
003 BD-JhCC
005 20180219110051.0
008 171012s2004 bg a|||| ||a| 000 0 ben d
020 _a9843110013
035 _a(BD-JhCC)8183
040 _aBD-JhCC
_dBD-JhCC
041 _aben
082 _a597.9
_bRAS 2004
100 _aরশীদ, মিজান
245 _aদেশ-বিদেশের সাপ :
_bপ্রচলিত ধারণা ও বিজ্ঞান /
_cমিজান রশীদ
260 _aঢাকা :
_bনওরোজ সাহিত্য সংসদ,
_c2004.
300 _a143 p.;
_c22 cm.
_billu
650 _aReptile
942 _2ddc
_cBK